[Event "Foment Martinenc op-C 21st"]
[Site "Barcelona"]
[Date "2019.05.04"]
[Round "2"]
[White "Puigdecanet Lopez, Joan"]
[Black "Poyan Cobelli, Alex"]
[Result "1-0"]
[WhiteElo "1770"]
[BlackElo "1663"]
[PlyCount "39"]
[EventDate "2019.04.27"]
[EventType "swiss"]
[EventRounds "9"]
[EventCountry "ESP"]
[SourceTitle "EXT 2020"]
[Source "ChessBase"]
[SourceDate "2019.10.17"]
[SourceVersion "1"]
[SourceVersionDate "2019.10.17"]
[SourceQuality "1"]

1. d4 e6 2. Bf4 f5 3. e3 Nf6 4. Nf3 d5 5. c4 c6 6. Nc3 Bd6 7. cxd5 cxd5 8. Ne5 0-0 9. f3 Nh5 10. Bg3 Qc7 11. f4 a6 12. Qxh5 Bb4 13. Rc1 Nd7 14. Bd3 Qb6 15. 0-0 Bxc3 16. bxc3 Rf6 17. Bh4 Rh6 18. Qf7+ Kh8 19. Qe8+ Nf8 20. Qxf8# 1-0

[Event "Foment Martinenc op-C 21st"]
[Site "Barcelona"]
[Date "2019.04.27"]
[Round "1"]
[White "Torralbo Coromina, Roger"]
[Black "Puigdecanet Lopez, Joan"]
[Result "0-1"]
[WhiteElo "1634"]
[BlackElo "1770"]
[PlyCount "90"]
[EventDate "2019.04.27"]
[EventType "swiss"]
[EventRounds "9"]
[EventCountry "ESP"]
[SourceTitle "EXT 2020"]
[Source "ChessBase"]
[SourceDate "2019.10.17"]
[SourceVersion "1"]
[SourceVersionDate "2019.10.17"]
[SourceQuality "1"]

1. e4 e6 2. d4 d5 3. e5 c5 4. c3 Nc6 5. Nf3 Qb6 6. a3 Nh6 7. Bxh6 Qxb2 8. Nbd2 gxh6 9. Qc1 Qxc1+ 10. Rxc1 cxd4 11. cxd4 Bxa3 12. Rb1 a5 13. Bb5 Bd7 14. 0-0 Bb4 15. Nb3 Nxe5 16. Bxd7+ Nxd7 17. Rfc1 b6 18. Rc6 a4 19. Nbd2 Bxd2 20. Nxd2 0-0 21. Rc7 Rfd8 22. Nf3 a3 23. Ra1 a2 24. Rc2 Rdc8 25. Ne1 Rxc2 26. Nxc2 f6 27. f4 Nb8 28. Kf2 Nc6 29. Kf3 Ra4 30. Re1 Nxd4+ 31. Nxd4 Rxd4 32. g4 Kf7 33. Ra1 Ra4 34. Kg3 b5 35. Kh4 b4 36. Kh5 b3 37. Rc1 Ra7 38. h4 b2 39. g5 bxc1Q 40. Kg4 f5+ 41. Kh5 Qd1+ 42. Kxh6 Qg4 43. h5 Qxf4 44. Kxh7 Qxg5 45. h6 Qg8# 0-1